000 00262nam a2200109Ia 4500
008 230320s9999||||xx |||||||||||||| ||spa||
082 _a268/E24
100 _aEditorial El Progreso
245 0 _aProyecto Educativo Pastoral
260 _bProgreso
942 _80
_cLIB
999 _c41149
_d41149